Eliminácia rizík spojených s investovaním do ľudského kapitálu podniku
Gespeichert in:
| 1. Verfasser: | |
|---|---|
| Format: | Buchkapitel |
| Sprache: | Slowakisch Englisch |
| Tags: |
Keine Tags, Fügen Sie das erste Tag hinzu!
|
MARC
| LEADER | 00000nla a2200000 4500 | ||
|---|---|---|---|
| 001 | 0192311 | ||
| 005 | 20240502073228.4 | ||
| 041 | 0 | |a slo | |
| 041 | 0 | |a eng | |
| 044 | |a SK | ||
| 245 | 1 | 0 | |a Eliminácia rizík spojených s investovaním do ľudského kapitálu podniku |c Jakub Kintler |
| 500 | |a Abstrakt | ||
| 100 | 1 | |a Kintler, Jakub, 1979- | |